Health impact assessment for land use planning (Record no. 105142)

MARC details
000 -LEADER
fixed length control field 01091cam a2200205 4500
001 - CONTROL NUMBER
control field ##L132451
008 - FIXED-LENGTH DATA ELEMENTS--GENERAL INFORMATION
fixed length control field 060209n2005 000 0 eng u
035 ## - SYSTEM CONTROL NUMBER
System control number (Sirsi) u132451
041 0# - LANGUAGE CODE
Language code of text/sound track or separate title eng
050 04 - LIBRARY OF CONGRESS CALL NUMBER
Classification number 711.1
Item number 218
110 1# - MAIN ENTRY--CORPORATE NAME
Corporate name or jurisdiction name as entry element Chartered Institution of Water and Environmental Management
9 (RLIN) 4489
245 00 - TITLE STATEMENT
Title Health impact assessment for land use planning
260 ## - PUBLICATION, DISTRIBUTION, ETC.
Place of publication, distribution, etc. London
Name of publisher, distributor, etc. CIWEM
Date of publication, distribution, etc. 2005
520 ## - SUMMARY, ETC.
Summary, etc. This policy position statement promotes the preparation of appropriate guidelines for Health Impact Assessment (HIA) for major new developments to assist decision making in the planning system. Discusses the HIA context and the key issues and makes policy recommendations.
590 ## - LOCAL NOTE (RLIN)
Local note IKA140206
650 24 - SUBJECT ADDED ENTRY--TOPICAL TERM
Topical term or geographic name entry element HEALTH IMPACT ASSESSMENT
690 ## - LOCAL SUBJECT ADDED ENTRY--TOPICAL TERM (OCLC, RLIN)
Topical term or geographic name as entry element ENVIRONMENTAL AND LAND CONSULTANCY-ENVIRONMENTAL MANAGEMENT-ENVIRONMENTAL ASSESSMENT-ENVIRONMENTAL IMPACT ASSESSMENT
856 40 - ELECTRONIC LOCATION AND ACCESS
Uniform Resource Identifier <a href="https://www.ciwem.org/knowledge-networks/panels/air/health-impact-assessment-for-land-use-planning-.aspx">https://www.ciwem.org/knowledge-networks/panels/air/health-impact-assessment-for-land-use-planning-.aspx</a>
Public note View the policy position statement free of charge at www.ciwem.org...
942 ## - ADDED ENTRY ELEMENTS (KOHA)
Suppress in OPAC 0
Holdings
Withdrawn status Lost status Source of classification or shelving scheme Damaged status Not for loan Home library Current library Shelving location Date acquired Total Checkouts Full call number Barcode Date last seen Copy number Price effective from Koha item type
    Dewey Decimal Classification     Virtual Virtual Online 09/02/2006   ONLINE PUBLICATION 132451-2001 06/08/2019 1 06/08/2019 Book